• 首页
  • 本馆介绍
  • 公告通知
  • 最新文献
  • 馆藏检索
  • 电子资源
  • 读者荐购
  • 参考咨询
  • CALIS
  • 我的图书馆
  • 登录
  • 详细信息显示
  • 放入我的书架
  • 预约/预借图书
  • 作者相关作品
  • 分类相关作品
  • 丛书相关作品
  • 出版社相关作品

书目信息

  • 表格格式
  • 工作单格式
  • 卡片格式
题名:
离心泵水力振动特性实验与数值模拟
    
 
作者: 周佩剑, , 张戈扬, , 资丹, 编著
分册:  
出版信息: 成都   电子科技大学出版社  2024.12
页数: 183页
开本: 24cm
丛书名:
单 册:
中图分类: TH311
科图分类:
主题词: 离心泵--li xin beng--水力振动--实验--数值模拟
电子资源:
ISBN: 978-7-5770-0789-2
 
 
 
 
 
000 01789nam0 2200301 450
001 97604
005 20250919183321.41
010    @a978-7-5770-0789-2@dCNY88.00
100    @a20250120d2024 em y0chiy50 ea
101 0  @achi
102    @aCN@b510000
105    @aa a 000yy
106    @ar
106    @ar
200 1  @a离心泵水力振动特性实验与数值模拟@Ali xin beng shui li zhen dong te xing shi yan yu shu zhi mo ni@f周佩剑, 张戈扬, 资丹编著
210    @a成都@c电子科技大学出版社@d2024.12
215    @a183页@c图@d24cm
300    @a本书获2021年教育部产学合作协同育人项目 浙江省“十四五”研究生教育改革项目 中国计量大学研究生教材建设项目资助
314    @a周佩剑, 1985年生, 毕业于中国农业大学水动力学与水力机械专业, 博士, 现任中国计量大学副教授, 硕士研究生导师。张弋扬, 1983年生, 毕业于清华大学动力工程专业。现就职于中水北方勘测设计研究有限责任公司, 高级工程师, 从事水力机械模型试验及泵站、电站现场检测工作。资丹, 1990年生, 毕业于中国农业大学水动力学与水力机械专业, 博士, 现任中国农业大学讲师, 硕士研究生导师。主要从事泵与泵站流动分析方面的研究工作。
320    @a有书目 (第176-183页)
330    @a本书的第1章为绪论, 旨在为读者阅读和理解本书奠定基础。第2章深人探讨振动学基础知识, 为后续章节提供理论支撑。第3章至第5章分别为振动性能指标分析与评价、离心泵振动信号的分析与处理方法、离心泵振动信号的频谱特征分析, 帮助读者系统理解离心泵的振动特性。第6章重点介绍离心泵水力振动的数值模拟方法。第7章探讨基于振动信号的离心泵运行智能诊断技术, 展示利用机器学习提升离心泵的运行安全性的方法。
606 0  @a离心泵@Ali xin beng@x水力振动@x实验@x数值模拟
690    @aTH311@v5
701  0 @a周佩剑,@Azhou pei jian@f1985-@4编著
701  0 @a张戈扬,@Azhang ge yang@f1983-@4编著
701  0 @a资丹,@Azi dan@f1990-@4编著
801  0 @aCN@c20250909
905    @a河南城建学院图书馆@dTH311@eZ780@f1
    
    离心泵水力振动特性实验与数值模拟/周佩剑, 张戈扬, 资丹编著.-成都:电子科技大学出版社,2024.12
    183页:图;24cm
    本书获2021年教育部产学合作协同育人项目 浙江省“十四五”研究生教育改革项目 中国计量大学研究生教材建设项目资助
    
    ISBN 978-7-5770-0789-2:CNY88.00
    本书的第1章为绪论, 旨在为读者阅读和理解本书奠定基础。第2章深人探讨振动学基础知识, 为后续章节提供理论支撑。第3章至第5章分别为振动性能指标分析与评价、离心泵振动信号的分析与处理方法、离心泵振动信号的频谱特征分析, 帮助读者系统理解离心泵的振动特性。第6章重点介绍离心泵水力振动的数值模拟方法。第7章探讨基于振动信号的离心泵运行智能诊断技术, 展示利用机器学习提升离心泵的运行安全性的方法。
●
相关链接 在E读中查询图书 在当当中查询图书 在豆瓣中查询图书


正题名:离心泵水力振动特性实验与数值模拟     索取号:TH311/Z780         预约/预借

序号 登录号 条形码 馆藏地/架位号 状态 备注
1 1638650   216386505   自科库501/ [索取号:TH311/Z780] 在馆    
欢迎您!
大连网信软件有限公司© 版权所有